Histoire de la révolution française / (Record no. 152175)
[ view plain ]
| 000 -LEADER | |
|---|---|
| campo de control de longitud fija | 01079nam a22002415i 4500 |
| 001 - NÚMERO DE CONTROL | |
| campo de control | 152175 |
| 003 - IDENTIFICADOR DE NÚMERO DE CONTROL | |
| campo de control | ES-MaACL |
| 005 - FECHA Y HORA DE LA ÚLTIMA TRANSACCIÓN | |
| campo de control | 20231103062534.0 |
| 008 - DATOS DE LONGITUD FIJA--INFORMACIÓN GENERAL | |
| campo de control de longitud fija | 990910m18471862fr |||| | fre d |
| 040 ## - FUENTE DE CATALOGACIÓN | |
| Centro catalogador/agencia de origen | CCPB | B |
| Lengua de catalogación | spa |
| Centro/agencia transcriptor | CCPB | B |
| 100 1# - ENTRADA PRINCIPAL--NOMBRE DE PERSONA | |
| Nombre de persona | Blanc, Louis. |
| 9 (RLIN) | 29112 |
| 245 10 - MENCIÓN DEL TÍTULO | |
| Título | Histoire de la révolution française / |
| Mención de responsabilidad, etc. | par Louis Blanc. |
| 250 ## - MENCION DE EDICION | |
| Mención de edición | Édition française faite à Paris sous les yeux de l'auteur. |
| 260 ## - PUBLICACIÓN, DISTRIBUCIÓN, ETC. | |
| Lugar de publicación, distribución, etc. | Paris : |
| Nombre del editor, distribuidor, etc. | Langlois et Leclerq : |
| -- | Pagnerre : |
| -- | Perrotin, |
| Fecha de publicación, distribución, etc. | 1847-1862 ( |
| Fabricante | Imprimerie de Crapelet) |
| 300 ## - DESCRIPCIÓN FÍSICA | |
| Extensión | 12 v. ; |
| Dimensiones | 23 cm. |
| 596 #1 - NOTA AL PIE DE IMPRENTA | |
| NOTA AL PIE DE IMPRENTA | Datos de imp. tomados de v. de antep. |
| 596 ## - NOTA AL PIE DE IMPRENTA | |
| NOTA AL PIE DE IMPRENTA | El pie de imprenta cambia con los v.: t. VI, VII, VIII, X: Langlois et Leclerq; Furne et Cie. |
| 597 ## - NOTA DE DESCRIPCIÓN FÍSICA | |
| NOTA DE DESCRIPCIÓN FÍSICA | Antep. |
| 597 #1 - NOTA DE DESCRIPCIÓN FÍSICA | |
| NOTA DE DESCRIPCIÓN FÍSICA | Descripción basada en t. I. |
| 651 #4 - PUNTO DE ACCESO ADICIONAL DE MATERIA--NOMBRE GEOGRÁFICO | |
| Nombre geográfico | Francia- |
| Subdivisión general | Historia- |
| Subdivisión cronológica | 1789-1799, Revolución |
| 9 (RLIN) | 8685 |
| 852 ## - LOCALIZACIÓN | |
| Ubicación | ES-MaACL |
| Número de control de estantería | F-6318-29 |
| Nota libre | -- Enc. hol.. -- En el pie de imp. del T. III-X consta: Langlois et Leclercq : Furne et C. : Pagnerre : Perrotin en los T. XI-XII Pagnerre : Furne et C. |
| Estatus retirado | Estado de pérdida | Estado de daño | No para préstamo | Colección | Biblioteca de origen | Biblioteca actual | Ubicación en estantería | Fecha de adquisición | Total de préstamos | Signatura topográfica completa | Código de barras | Visto por última vez | Precio de reemplazo | Tipo de ítem Koha |
|---|---|---|---|---|---|---|---|---|---|---|---|---|---|---|
| Libros del s. XIX | Biblioteca del Ateneo de Madrid | Biblioteca del Ateneo de Madrid | Depósito 2 | 17/01/2008 | F-6318-29 | 1158868 | 23/02/2023 | 23/02/2023 | Libro impreso antiguo |
